000 00469nam a2200169Ia 4500
005 20250326144216.0
008 250326s9999 xx 000 0 und d
037 _aTextbook
040 _aFMSL
_beng
_cFMSL
041 _aeng
_2eng
084 _aB28.44 K6
_qFMSL
100 _aGovt. OF India
245 0 _aIndian labour statistics 1966
_cGovt. OF India
260 _aDelhi
_bDelhi, Division
_c1966
942 _cTB
_hB28.44 K6
999 _c1302800
_d1302800